| 000 | 00971nam a2200301 a 4500 | ||
|---|---|---|---|
| 001 | |||
| 003 | DO-SdBNP | ||
| 005 | 20211008122611.0 | ||
| 007 | ta | ||
| 008 | 121115s2012 dr a 000 0 spa d | ||
| 020 | _a9789945408638 | ||
| 040 |
_aDO-SdBNP _bspa _cBPMSU |
||
| 082 | 4 |
_a618.2 _bM763v 2012 _222 |
|
| 100 | 1 |
_aMontalvo Batista, Miguel A. _d1950- |
|
| 245 | 1 | 0 |
_a¡Voy a ser madre !: _bel libro del embarazo / _cMiguel A. Montalvo Batista; Luis Rojas Grullón, prólogo |
| 260 |
_aSanto Domingo : _bArgos, _bBúho, _c2012. |
||
| 300 |
_a276, [6] p., _bil. ; _c23 cm. |
||
| 500 | _aIncluye datos biográficos del autor en la solapa de la cubierta. | ||
| 504 | _aBibliografía: p. 277- 279 | ||
| 590 | _aInventariado 2021 / VM | ||
| 650 | 4 |
_aEmbarazo _xAtención médica. |
|
| 650 | 4 | _aObstetricia | |
| 650 | 4 | _aCuidado prenatal | |
| 650 | 4 | _aReproducción humana | |
| 700 | 1 | 2 |
_a Rojas Grullón, Luis _epról. |
| 910 | _aVMateo | ||
| 942 |
_2ddc _cBK |
||
| 999 |
_c13775 _d13775 |
||